Svetelné znečistenie v krajine
Svetelné znečistenie a negatívny dopad na biotické zložky životného prostredia. Súčasný stav problematiky svetelného znečistenia vo svete a na Slovenku. Svetelné znečistenie a legislatíva. Svetové a slovenské nštitúcie zaoberajúce sa svetelným znečistením. Povedomie obyvateľov Slovenska o svetelnom...
Na minha lista:
| Autor principal: | |
|---|---|
| Outros Autores: | |
| Formato: | Capítulo de Livro |
| Idioma: | eslovaco |
| Assuntos: | |
| Tags: |
Sem tags, seja o primeiro a adicionar uma tag!
|
MARC
| LEADER | 00000naa a2200000 4500 | ||
|---|---|---|---|
| 001 | 0273786 | ||
| 005 | 20210519103334.0 | ||
| 041 | 0 | |a slo | |
| 044 | |a SK | ||
| 245 | 1 | 0 | |a Svetelné znečistenie v krajine |c Vladimír Sedlák, Lucia Mihoková |
| 520 | |a Svetelné znečistenie a negatívny dopad na biotické zložky životného prostredia. Súčasný stav problematiky svetelného znečistenia vo svete a na Slovenku. Svetelné znečistenie a legislatíva. Svetové a slovenské nštitúcie zaoberajúce sa svetelným znečistením. Povedomie obyvateľov Slovenska o svetelnom znečistení. | ||
| 610 | 2 | 0 | |a prostredie životné |
| 610 | 2 | 0 | |a znečistenie prostredia životného |
| 610 | 2 | 0 | |a legislatíva |
| 610 | 2 | 0 | |a Slovensko |
| 100 | 1 | |a Sedlák, Vladimír | |
| 700 | 1 | |a Mihoková, Lucia | |